Представление документа в формате RUSMARC

ПолеНазваниеЗначение
  Тип записи a
  Библиографический уровень m
001 Контрольный номер RU/IS/BASE/287243644
005 Дата корректировки 20201206204625.2
010 Индекс ISBN __
a ISBN 978-5-9533-2897-5
d Цена 345-00
101 Язык документа __
a Язык текста rus
c Язык оригинала rus
200 Заглавие и сведения об ответственности __
a Заглавие Энциклопедия аномальных явлений мира
f Первые сведения об ответственности [авт.-сост. Н. Н. Непомнящий]
b Общее обозначение материала Текст
210 Выходные данные __
a Место издания М.
c Издательство Вече
d Дата издания 2008
215 Физическое описание __
a Объем 576 с.
330 Аннотация __
a Аннотация В уникальной энциклопедии собраны самые таинственные аномальные явления мира.
606 Тематические рубрики __
a Основная рубрика Общенаучные и междисциплинарные знания
606 Тематические рубрики __
a Основная рубрика Уфология
610 Ключевые слова __
a Ключевые слова аномальные явления; домовые; загадочные явления; инопланетяне; левитация; мыслеграфия; НЛО; подводные тайны; призраки; психокинез; русалки; снежный человек; тайны; техногенные катастрофы; шамбала; ясновидение
686 Индексы других классификаций __
a Классификационный индекс 20.3я2
702 Вторичная интеллектуальная ответственность _1
a Фамилия Непомнящий
b Имя Н. Н.
4 Код отношения Автор-составитель
4 Код отношения 220
801 Источник записи _0
a Страна RU
b Организация Муниципальное бюджетное учреждение культуры "Централизованная библиотечная система" г. Сургут (Центральная городская библиотека им. А. С. Пушкина)
g Правила каталогизации КиК/Елгина
801 Источник записи _1
a Страна RU
b Организация Муниципальное бюджетное учреждение культуры "Централизованная библиотечная система" г. Сургут (Центральная городская библиотека им. А. С. Пушкина)
g Правила каталогизации КиК/Елгина
852 Данные о местонахождении __
j Шифр хранения 20.3я2
c Каталожный индекс 20.3я2
i Авторский знак Э 68
901 Тип документа __
t Тип документа m
903 Характеристики (МАРС) __
a Дата передачи 20090209
990 Данные о заказе (DOS) __
j Количество экземпляров (DOS) 6
t N записи в КСУ для И/У (DOS) 200902